Paraśurāmasāgara / (Record no. 86173)
[ view plain ]
| 000 -LEADER | |
|---|---|
| fixed length control field | 01051cam a22002414a 4500 |
| 001 - CONTROL NUMBER | |
| control field | sa 68015027 |
| 003 - CONTROL NUMBER IDENTIFIER | |
| control field | DLC |
| 005 - DATE AND TIME OF LATEST TRANSACTION | |
| control field | 20260227112638.0 |
| 008 - FIXED-LENGTH DATA ELEMENTS--GENERAL INFORMATION | |
| fixed length control field | 890227m19671971ii a b 000 0 hino |
| 010 ## - LIBRARY OF CONGRESS CONTROL NUMBER | |
| LC control number | sa 68015027 |
| 040 ## - CATALOGING SOURCE | |
| Original cataloging agency | DLC |
| Transcribing agency | DLC |
| 041 0# - LANGUAGE CODE | |
| Language code of text/sound track or separate title | hin |
| -- | bra |
| 050 00 - LIBRARY OF CONGRESS CALL NUMBER | |
| Classification number | PK1967.9.P37 |
| Item number | P37 1967 |
| 100 0# - MAIN ENTRY--PERSONAL NAME | |
| Personal name | Paraśurāmadeva, |
| Dates associated with a name | approximately 1530-approximately 1620. |
| 245 10 - TITLE STATEMENT | |
| Title | Paraśurāmasāgara / |
| Statement of responsibility, etc. | Paraśurāmadeva kr̥ta ; sampādaka evaṃ śodhakartā, Rāmaprasāda Śarmā. |
| 260 ## - PUBLICATION, DISTRIBUTION, ETC. | |
| Place of publication, distribution, etc. | Jayapura : |
| Name of publisher, distributor, etc. | Kareṇṭa Buka Kampanī, |
| Date of publication, distribution, etc. | 1967-1971. |
| 300 ## - PHYSICAL DESCRIPTION | |
| Extent | 4 v. : |
| Other physical details | col. ill. ; |
| Dimensions | 22 cm. |
| 546 ## - LANGUAGE NOTE | |
| Language note | In Hindi and Braj. |
| 520 ## - SUMMARY, ETC. | |
| Summary, etc. | Collection of the devotional Braj poet. |
| 504 ## - BIBLIOGRAPHY, ETC. NOTE | |
| Bibliography, etc. note | Includes bibliographical references. |
| 505 0# - FORMATTED CONTENTS NOTE | |
| Formatted contents note | 1. khaṇḍa. Paraśurāma-vāṇī : sākhī-grantha -- 2. khaṇḍa. Paraśurāma-caritāvaliyām̐ : kavitta-grantha -- 3. khaṇḍa. Paraśurāma-līlāeṃ : līlā-grantha -- 4. khaṇḍa. Paraśurāma-padāvalī : sākhī-grantha. |
| 700 1# - ADDED ENTRY--PERSONAL NAME | |
| Personal name | Śarmā, Rāmaprasāda, |
| Titles and other words associated with a name | Ḍô. |
No items available.